LIBRARY & INFORMATION CENTRE, KCAET, TAVANUR

ONLINE PUBLIC ACCESS CATALOGUE (OPAC)

Dictionary of Technical Terms / (Record no. 9213)

MARC details
000 -LEADER
fixed length control field 00320cam a2200121ua 4500
082 ## - DEWEY DECIMAL CLASSIFICATION NUMBER
Classification number 603
Item number CRI/DI
100 ## - MAIN ENTRY--AUTHOR NAME
Personal name Crispin, Frederick Swing C.E
245 ## - TITLE STATEMENT
Title Dictionary of Technical Terms /
250 ## - EDITION STATEMENT
Edition statement 11 /
260 ## - PUBLICATION, DISTRIBUTION, ETC. (IMPRINT)
Place of publication New Delhi :
Name of publisher Oxford & IBH Publishing company ,
Year of publication 1970.
300 ## - PHYSICAL DESCRIPTION
Number of Pages 455 ; .
942 ## - ADDED ENTRY ELEMENTS (KOHA)
Koha item type Reference
Holdings
Withdrawn status Lost status Damaged status Collection code Home library Current library Shelving location Date acquired Full call number Accession Number Koha item type
      Reference KAUAET KAUAET Reference 07/04/2012 603.CRI/DI 18398 Reference
free website counter